| 000 | 07047ngm a2201237 i 4500 | ||
|---|---|---|---|
| 001 | 991061511067506706 | ||
| 003 | ES-BaIT | ||
| 005 | 20260209124411.0 | ||
| 007 | vd#csaizk | ||
| 008 | 251030p20182013fr 480 vleng c | ||
| 024 | 8 |
_a3760115306202 _q(contenidor) |
|
| 028 | 4 | 2 |
_aEDV 1681 _bBelAir Classiques _q(superfície del disc) |
| 028 | 4 | 2 |
_aBD25 _qsuperfície del disc (La bayadère ; Swan lake, i The golden age) |
| 028 | 4 | 2 |
_aBD50 _qsuperfície del disc (Marco Spada) |
| 028 | 4 | 2 |
_aBAC620 _qconjunt del contenidor |
| 028 | 4 | 2 |
_aBAC501 _qsuperfície del disc (La bayadère) |
| 028 | 4 | 2 |
_aBAC413 _qsuperfície del disc (Marco Spada) |
| 028 | 4 | 2 |
_aBAC419 _qsuperfície del disc(Swan Lake) |
| 028 | 4 | 2 |
_aBAC443 _qsuperfície del disc (Golden age) |
| 035 | _a(OCoLC)1344512786 | ||
| 035 | _a(OCoLC)on1344512786 | ||
| 040 |
_aES-BaIT _bcat _erda _cES-BaIT |
||
| 041 |
_aeng _efre _hfre |
||
| 245 | 0 | 0 |
_aGreat ballets from the Bolshoi _nVol. 2. / _cfilmed by Vincent Bataillon ; produced by François Duplat. |
| 246 | 3 | 3 |
_aGreat ballets from the Bolshoi _nvolume 2 |
| 246 | 3 | 3 |
_aGreat ballets from the Bolshoi _nvolume two |
| 264 | 1 |
_a[Paris] : _bBelAir Classiques, _c[2018] |
|
| 264 | 4 | _c©2018 | |
| 300 |
_a4 videodiscs (480 min) : _bso, color ; _c12 cm |
||
| 336 |
_aimatge en moviment bidimensional _btdi _2rdacontent |
||
| 337 |
_avídeo _bv _2rdamedia |
||
| 338 |
_avideodisc _bvd _2rdacarrier |
||
| 344 | _adigital | ||
| 344 | _bòptic | ||
| 344 |
_gestèreo _hPCM 2.0 _2rda |
||
| 344 |
_hPCM 2.0 _2rda |
||
| 344 |
_adigital _2rda |
||
| 344 |
_gso envoltant _2rda |
||
| 344 |
_hDolby Digital 5.1 _2rda |
||
| 347 |
_afitxer vídeo _2rda |
||
| 347 | _bBlu-ray | ||
| 490 | 1 | _aThe Bolshoi Ballet HD collection | |
| 500 | _aTiítols i crèdits obtinguts de la superfície del disc i contenidor | ||
| 505 | 8 |
_aConté: _tLa bayadère (126 min) / _rA BelAir Media production from the State Academic Bolshoi Theatre of Russia Production in association with A Plus Image 4, VGTRK Russia-Kultura TV Channel, Pathé Live, Medici TV ; Ludwig Minkus ; choreography, Marius Petipa ; new choreographic version, Yuri Grigorovic. |
|
| 505 | 8 |
_aConté: _tMarco Spada (126 min) / _rA BelAir Media and State Academic Bolshoi Theatre of Russia production ; in coproduction with Mezzo in association with Pathé Live ; Daniel-François-Esprit Auber ; choreography, Pierre Lacotte. |
|
| 505 | 8 |
_aConté: _tSwan lake : _tLe lac des cygnes : _tSchwanensee (125 min) / _rA BelAir Media production in association with the State Academic Bolshoi Theatre of Russia, France Televisions, Mezzo ; Pyotr Ilyich Tchaikovsky ; choreography, Yuri Grigorovich. |
|
| 505 | 8 | 0 |
_aConté: _tThe golden age : _tL'âge d'or (103 min) / _rA coproduction BelAir Media, State Academic Bolshoi Theatre of Russia, Mezzo in association with Pathe Live ; Dmitri Shostakovich ; choreography, Yuri Grigorovich. |
| 505 | 8 | _aMarco Spada extres: "Marco Spada" un ballet francès al Bolchoï (24 min; en francès, subtítols opcionals en anglès). | |
| 511 | 1 | _aLa bayadère: Svetlana Zakharova, Vladislav Lantratov, Maria Alexandrova ; Orchestra of the Bolshoi Theatre ; conducted by Pavel Sorokin. | |
| 511 | 1 | _aMarco Spada: David Hallberg (Marco Spada) ; Evguenia Obraztsova (Angela) ; Olga Smirnova (Marchesa Sampietri) ; Semion Chudin (Prince Federici) ; Igor Tsvirko (Count Pepinelli) ; Bolshoi Ballet ; Bolshoi Theatre Orchestra ; Alexey Bogorad, conductor. | |
| 511 | 1 | _aSwan lake: Svetlana Zakharova, Denis Rodkin, Artemy Belyakov ; Orchestra of the Bolshoi Theatre ; conducted by Pavel Sorokin. | |
| 511 | 1 | _aThe golden age: Nina Kaptsova, Ruslan Skvortsov, Mikhail Lobukhin, Ekaterina Krysanova ; Orchestra of the Bolshoi Theatre ; conducted by Pavel Klinichev. | |
| 518 | _aLa bayadère: Enregistrat al Bolshoi Theatre, Moscou, 2014 | ||
| 518 | _aMarco Spada: Enregistrat al Bolshoi Theatre, Moscou, 2013. | ||
| 518 | _aSwan lake: : Enregistrat al Bolshoi Theatre, Moscou, 2015. | ||
| 518 | _aThe golden age: Enregistrat al Bolshoi Theatre, Moscou, 2016. | ||
| 650 | 7 |
_aDansa clàssica _xCoreografies _956589 |
|
| 650 | 0 |
_aDansa filmada _9166159 |
|
| 700 |
_aDuplat, François _eproductor cinematogràfic _9113610 |
||
| 700 |
_aBataillon, Vincent _edirector cinematogràfic _edirector de fotografia _9108503 |
||
| 700 | 2 |
_aMinkus, L., _d1826-1917. _tBayadère _9130140 |
|
| 700 | 1 |
_aPetipa, Marius, _d1818-1910 _ecoreògraf _955719 |
|
| 700 | 1 |
_aGrigorovitx, Iuri Nikolàievitx, _d1927-2025 _ecoreògraf _9165927 |
|
| 700 |
_aLacotte, Pierre _ecoreògraf _994177 |
||
| 700 | 1 |
_aZakharova, Svetlana _eballarí _953071 |
|
| 700 | 1 |
_aLantratov, Vladislav _eballarí _9167727 |
|
| 700 | 1 |
_aAleksandrova, Mariia, _d1978- _eballarí _9167728 |
|
| 700 | 1 |
_aSorokin, Pavel _edirector d'orquestra _9167729 |
|
| 700 |
_aHallberg, David _eballarí _9127723 |
||
| 700 | 1 |
_aObrazt︠s︡ova, Evguenya _eballarí _9167730 |
|
| 700 |
_aSmirnova, Olga _eballarí _9131688 |
||
| 700 | 1 |
_aChudin, Semion _eballarí _9167731 |
|
| 700 |
_aTsvirko, Igor _eballarí _9131690 |
||
| 700 | 1 |
_aBogorad, Alexey _edirector d'orquestra _9167732 |
|
| 700 | 1 |
_aRodkin, Denis _eballarí _9167733 |
|
| 700 | 1 |
_aBelyakov, Artemy _eballarí _9167734 |
|
| 700 |
_aKaptsova, Nina _eballarí _9127727 |
||
| 700 |
_aSkvort︠s︡ov, Ruslan _eballarí _9140974 |
||
| 700 |
_aLobukhin, Mikhail _eballarí _9140975 |
||
| 700 |
_aKrysanova, Ekaterina _eballarí _9140976 |
||
| 700 |
_aKlinichev, Pavel _edirector d'orquestra _9127869 |
||
| 700 | 1 | 2 |
_iContenidor de (obra): _aAuber, D. F. E. _q (Daniel François Esprit), _d1782-1871. _tMarco Spada _9167735 |
| 700 | 2 |
_aTxaikovski, Piotr Ílitx, _d1840-1893 _tLebedínoe ózero _9135244 |
|
| 700 | 1 | 2 |
_aXostakóvitx, Dmitri Dmítrievitx, _d1906-1975. _tZolotoi vek _9167736 |
| 700 | 1 |
_aAuber, D. F. E. _q(Daniel François Esprit), _d1782-1871 _ecompositor (expressió) _95845 |
|
| 700 | 1 |
_aScribe, Eugène, _d1791-1861 _ellibretista _945843 |
|
| 700 | 1 |
_aAuber, D. F. E. _q(Daniel François Esprit), _d1782-1871 _ecompositor _95845 |
|
| 700 | 1 | 2 |
_aGrigorovich, Yuri. _tBayadère _9167737 |
| 700 | 1 | 2 |
_aGrigorovich, Yuri. _tLebedinoe ozero (1969) |
| 710 | 2 |
_aBol'shoi teatr SSSR. _bBalet, _eintèrpret |
|
| 710 | 2 |
_aBolshoi teatr SSSR. _bOrkestr, _eintèrpret _eintèrpret |
|
| 710 | 2 |
_aGosudarstvennyi akademicheskii kamernyi orkestr Rossii, _eintèrpret |
|
| 710 | 2 |
_aBel Air Media (Firma), _edistribuïdor cinematogràfic, _eproductor |
|
| 710 | 2 |
_aMezzo (Emissora de televisió : Paris, França), _eproductor |
|
| 710 | 2 |
_aPathé Live (Firma), _eproductor |
|
| 710 | 2 |
_aBel Air Classiques, _eeditor |
|
| 730 | 0 | 2 | _aBayadère (Coreografia : Grigorovich a partir de Petipa) |
| 730 | 0 | 2 | _aLebedínoe ózero (Coreografia : Grigorovich) |
| 730 | 0 | 2 | _aMarco Spada (Coreografia: Lacotte a partir de Mazilier) |
| 730 | 0 | 2 | _aGolden age (Coreografia : Grigorovich) |
| 740 | 0 | 2 | _aSwan lake (Coreografia : Grigorovich) |
| 830 | 0 | _aBolshoi Ballet HD collection | |
| 908 | _aCDMAE | ||
| 940 |
_aOCLC _aCDMAE |
||
| 942 |
_2udc _c5 |
||
| 999 |
_c136776 _d136776 |
||